1399 1494 1488 1609 1122 1621 1893 1900 1788 1581 1930 1144 1631 1109 1184 1725 1113 1828 1541 1849 1462 1659 1292 1647 1339 1516 1292 1667 1650 1271 1862 1418 1215 1576 1683 1419 1895 1500 1636 1266 1375 1244 1443 1591 1687 1928 1859 1524 1592 1830 1525 1420 1326 1605 1067 1938 1654 1110 1092 1189 1563 1329 1463 1495 1953 1330 1573 1897 1671 1862 1373 1180 1982 1123 1992 1854 1430 1976 1035 1948 1795 1466 1028 1266 1864 1437 1927 1263 1909 1982 1699 1455 1017 1021 1901 1041 1247 1061 1870 BCNSPRNW ULIB Ver.6.0+V

เปลี่ยนเป็นภาษาไทย

Change to English
 แสดงรายละเอียดบรรณานุกรม
  กลับหน้าหลัก

Brief Record : Get Marc (ISO 2709) : E-mail record : QR code < ปิดหน้าต่าง
LEADER : 00000nam 2200000uu 4500
001    13399108028
003     ULIB
008    110215s||||||||th 000 0 tha d
060 04 QT225^bม686ป 2552
245 00 ปาฏิหาริย์แห่งการวิ่ง :^bเติมพลังให้แก่ชีวิตด้วยการวิ่งเพื่อสุขภาพ /^cมูลนิธิสมาพันธ์ชมรมเดิน-วิ่งเพื่อสุขภาพไทย
260    กรุงเทพฯ :^bสำนักงานกองทุนสนับสนุนการสร้างเสริมสุขภาพ(สสส),^c2552
300    51 หน้า :^bภาพประกอบ ;^c21 ซม
650  7 การวิ่ง
650  7 การออกกำลังกาย
710 2  สำนักงานกองทุนสนับสนุนการสร้างเสริมสุขภาพ
945    ^p0^l0^i025714
995    ทศพร
999 ^a ใช้งานได้ทุกระบบ
รายการนี้ยังไม่มีแท็ก
คุณยังไม่ได้ล็อกอิน คุณสามารถมีกิจกรรมร่วมกับเว็บไซต์ได้ แต่ต้องล็อกอินก่อน ::
  ล็อกอิน

รายการสื่อสารสนเทศ

ลำดับที่ ประเภท เลขเรียก/บาร์โค้ด สถานที่ สถานะ
- ไม่พบข้อมูล -

รายการใกล้เคียง
    หัวเรื่อง [การวิ่ง]
    หัวเรื่อง [การออกกำลังกาย]

BibComment


ยังไม่เคยถูกคอมเมนท์

คอมเมนท์ทรัพยากรรายการนี้
  คอมเมนท์: ปาฏิหาริย์แห่งการ..


 Copyright 2026. Bcnsprnw @Library